Klienti mohou těžit z AI hlavně v podobě personalizace nabídek a služeb
Umelá inteligencia (AI) dnes nielenže zvyšuje efektivitu procesov, ale umožňuje aj hlbšiu personalizáciu ponúk pre klientov. Zároveň je potrebné upozorňovať na rastúce hrozby spojené s využitím AI pri podvodoch a sledovať vývoj európskej regulácie, napríklad v podobe AI Aktu. Okrem toho stále dochád...
Guardado en:
| Formato: | Capítulo de libro |
|---|---|
| Lenguaje: | checo |
| Materias: | |
| Etiquetas: |
Sin Etiquetas, Sea el primero en etiquetar este registro!
|
MARC
| LEADER | 00000naa a2200000 4500 | ||
|---|---|---|---|
| 001 | 0307100 | ||
| 005 | 20250228130517.4 | ||
| 041 | 0 | |a cze | |
| 044 | |a CZ | ||
| 245 | 1 | 0 | |a Klienti mohou těžit z AI hlavně v podobě personalizace nabídek a služeb |
| 520 | |a Umelá inteligencia (AI) dnes nielenže zvyšuje efektivitu procesov, ale umožňuje aj hlbšiu personalizáciu ponúk pre klientov. Zároveň je potrebné upozorňovať na rastúce hrozby spojené s využitím AI pri podvodoch a sledovať vývoj európskej regulácie, napríklad v podobe AI Aktu. Okrem toho stále dochádza k ďalšiemu vývoju nových riešení v rôznych oblastiach. Ukážky využitia AI v konkrétnych prípadoch. | ||
| 610 | 2 | 0 | |a inteligencia umelá |
| 610 | 2 | 0 | |a bankovníctvo |
| 610 | 2 | 0 | |a banky |
| 610 | 2 | 0 | |a klienti |
| 610 | 2 | 0 | |a ochrana spotrebiteľa |
| 610 | 2 | 0 | |a služby bankové |
| 610 | 2 | 0 | |a efektívnosť |
| 610 | 2 | 0 | |a regulácia |
| 610 | 2 | 0 | |a podvody bankové |
| 610 | 2 | 0 | |a legislatíva |
| 610 | 2 | 0 | |a personalizácia |
| 610 | 2 | 0 | |a Európska únia |